| 000 | 00796nam a22002057a 4500 | ||
|---|---|---|---|
| 003 | OSt | ||
| 005 | 20260311035218.0 | ||
| 008 | 260311b |||||||| |||| 00| 0 eng d | ||
| 040 |
_aDWCL GS lib _cOC |
||
| 082 | _aFic. M767a 1998 | ||
| 100 | _aMontgomery L. M. | ||
| 245 |
_aAnne of Ingleside _cL. M. Montgomery |
||
| 260 |
_aNew York _bBantam Books _c c1998. |
||
| 300 |
_avii, 274 pages _c17 cm. |
||
| 520 | _aAnne Blythe as a mother of six lively children in the1900s. The plot is a series of vignettes, covering the children's imaginative escapades, the intrusion of Gilbert's difficult Aunt Mary Maria, and Anne’s insecurity about her marriage. | ||
| 650 | _afamily life | ||
| 650 | _achildhood innocence | ||
| 650 | _athe "spotlight" adventures of her children | ||
| 942 |
_2ddc _cFIC. _n0 |
||
| 999 |
_c8920 _d8920 |
||